| 000 | 00466nam a2200181Ia 4500 | ||
|---|---|---|---|
| 001 | 10661 | ||
| 005 | 20260306161848.0 | ||
| 008 | 260306t1946||||xx |||||||||||||| ||spa|| | ||
| 041 | _aESP | ||
| 082 |
_a946.043 _bH46 |
||
| 100 |
_aHerrera Oria, Enrique _eAUT |
||
| 245 | 0 | _aFelipe II y el marqués de Santa Cruz en la empresa de Inglaterra | |
| 260 | _c1946 | ||
| 300 |
_a175 páginas : _c24 cm. |
||
| 650 | _aGEN | ||
| 654 | _aCHU | ||
| 942 |
_cLIB _dJUS _fJUS _2ddc _n |
||
| 999 |
_c10661 _d10661 |
||